Móra Akadémia szakkollégiumi tanulmánykötet 14.

Elmentve itt :
Bibliográfiai részletek
További közreműködők: Béla-Vass Bálint
Dokumentumtípus: Könyv
Megjelent: Szegedi Tudományegyetem Móra Ferenc Szakkollégium Szeged 2025
Sorozat:Móra Akadémia 14
Kulcsszavak:Jogtudomány - tanulmányok, Politikatudomány - tanulmányok, Filozófia - tanulmányok, Biológia - tanulmányok, Űrtechnológia - tanulmányok
Tárgyszavak:
Online Access:http://acta.bibl.u-szeged.hu/88338
LEADER 01147nam a2200301 i 4500
001 acta88338
005 20250808092010.0
008 250808s2025 hu o 000 hun d
022 |a 2064-809X 
040 |a SZTE Egyetemi Kiadványok Repozitórium  |b hun 
041 |a hun 
041 |a eng 
245 0 0 |a Móra Akadémia   |h [elektronikus dokumentum] :  |b szakkollégiumi tanulmánykötet 14. 
260 |a Szegedi Tudományegyetem Móra Ferenc Szakkollégium  |b Szeged  |c 2025 
300 |a 133 
490 0 |a Móra Akadémia  |v 14 
650 4 |a Természettudományok 
650 4 |a Biológiai tudományok 
650 4 |a Műszaki és technológiai tudományok 
650 4 |a Világűr 
650 4 |a Társadalomtudományok 
650 4 |a Jogtudomány 
650 4 |a Politikatudomány 
650 4 |a Bölcsészettudományok 
650 4 |a Filozófia, etika és vallástudományok 
695 |a Jogtudomány - tanulmányok, Politikatudomány - tanulmányok, Filozófia - tanulmányok, Biológia - tanulmányok, Űrtechnológia - tanulmányok 
700 0 2 |a Béla-Vass Bálint 
856 4 0 |u http://acta.bibl.u-szeged.hu/88338/1/moraakademia_014.pdf  |z Dokumentum-elérés